000 004220000a22001690004500
005 20120302062618.0
942 _cBOOK
100 _a THAKARASI,PRAYAGJI
245 _a SHRI PRAMANSAHASTRI
260 _aMUMBAI: NIRNAYA SAGAR CHHAPKHANA,1895
300 _a229 P.+13 P.+ 27 P.+79 P.+87 P.
040 _aGUJ
650 _aHINDU DHARMA
650 _a BHAGVAD GEETA
650 _a PRAMAN SAHASTRI
650 _a THAKARASY
999 _c357189
_d357186